LEADER 03822nam 22006975 450 001 9910913775703321 005 20250626163722.0 010 $a9789819757503 010 $a9819757509 024 7 $a10.1007/978-981-97-5750-3 035 $a(MiAaPQ)EBC31808210 035 $a(Au-PeEL)EBL31808210 035 $a(CKB)36713476000041 035 $a(DE-He213)978-981-97-5750-3 035 $a(EXLCZ)9936713476000041 100 $a20241201d2024 u| 0 101 0 $aeng 135 $aurcnu|||||||| 181 $ctxt$2rdacontent 182 $cc$2rdamedia 183 $acr$2rdacarrier 200 10$aHandbook of Quality System, Accreditation and Conformity Assessment /$fedited by Anuj Bhatnagar, Sanjay Yadav, Venugopal Achanta, Ulrich Harmes-Liedtke, Shanay Rab 205 $a1st ed. 2024. 210 1$aSingapore :$cSpringer Nature Singapore :$cImprint: Springer,$d2024. 215 $a1 online resource (1040 pages) 311 08$a9789819757497 311 08$a9819757495 327 $aConformity Assessment: Relevance of Quality in the Age of Industry 4.0 -- Standards Development: The Starting Point of Conformity Assessment -- Economic Impact of Standards: Macro and Micro Perspective -- Role of Accreditation and Conformity assessment in Glassware and Jewellery Industry in India -- Standardization and Innovation: Standards Development Principles -- Conformity Assessment: Techniques and Schemes -- Functional Approach to Conformity Assessment -- Importance of Training and Knowledge Sharing in Conformity Assessment -- Quality Infrastructure for Conformity Assessment -- Infrastructure for Conformity Assessment in African Continent -- Conformity Assessment in Gulf Cooperation Countries -- Digital Quality Infrastructure for Conformity Assessment: Framework Requirement for APAC -- Conformity Assessment in Indian Regulatory Ecosystem: Futuristic Challenges -- Impact of Regulation and Conformity Assessment Procedures on Global Trade -- Role of conformity assessment in Technical Regulations. 330 $aThis handbook comprehensively covers the topics of quality system, accreditation and conformity assessment. The main sections in this handbook covers topics such as conformity assessment, accreditation and certification, measurement requirements and conformity assessment, management systems, Product quality and safety and future of conformity assessment. This multidisciplinary handbook will be a useful reference for researchers and professionals across disciplines who are involved in conformity assessment activities. 606 $aMeasurement 606 $aMeasuring instruments 606 $aQuantum theory 606 $aElectronics 606 $aBiomedical engineering 606 $aMeasurement Science and Instrumentation 606 $aQuantum Measurement and Metrology 606 $aElectronics and Microelectronics, Instrumentation 606 $aBiomedical Devices and Instrumentation 615 0$aMeasurement. 615 0$aMeasuring instruments. 615 0$aQuantum theory. 615 0$aElectronics. 615 0$aBiomedical engineering. 615 14$aMeasurement Science and Instrumentation. 615 24$aQuantum Measurement and Metrology. 615 24$aElectronics and Microelectronics, Instrumentation. 615 24$aBiomedical Devices and Instrumentation. 676 $a530.8 676 $a530.7 700 $aBhatnagar$b Anuj$01777762 701 $aYadav$b Sanjay$01425656 701 $aAchanta$b Venugopal$01777763 701 $aHarmes-Liedtke$b Ulrich$01777764 701 $aRab$b Shanay$01769026 801 0$bMiAaPQ 801 1$bMiAaPQ 801 2$bMiAaPQ 906 $aBOOK 912 $a9910913775703321 996 $aHandbook of Quality System, Accreditation and Conformity Assessment$94299573 997 $aUNINA